Länder des Himalaya - Sudden Death - Statistiken

Allgemein
  • Dieses Quiz wurde 97 mal gespielt
    96 seit der letzten Aktualisierung
  • Das Durchschnittsergebnis liegt bei 4 aus 7
Answers on the Grid
Answers color-coded by a green-red scale on the quiz's grid according to % correct below.
Afghanistan
Bangladesch
Bhutan
China
Indien
Iran
Kirgisistan
Laos
Myanmar
Nepal
Pakistan
Russland
Tadschikistan
Thailand
Usbekistan
 
Antwortstatistiken
Antwort % Korrekt
Nepal
91%
China
89%
Indien
86%
Bhutan
78%
Pakistan
56%
Afghanistan
23%
Myanmar
14%
Keine übereinstimmenden Quizze gefunden
Verteilung der Resultate
Anzahl Personen mit jedem Resultat
Perzentil nach korrekt beantworteten Fragen
Ihre Resultats-Entwicklung
Sie haben dieses Quiz seit der letzten Aktualisierung nicht gespielt